| 000 | 00479pab a2200181 454500 | ||
|---|---|---|---|
| 008 | 180718b2011 xxu||||| |||| 00| 0 eng d | ||
| 100 | _aNarasimharao, B. Pandu Ranga | ||
| 245 | _aCorporate education in universities: Expanding the boundaries of scholarship | ||
| 260 | _c2011 | ||
| 300 | _ap.10-18. | ||
| 362 | _a21 Mar | ||
| 650 | _aCorporate education | ||
| 700 | _aNaidu, C.G. | ||
| 700 | _aNair, P.R.R. | ||
| 773 | _aUniversity News | ||
| 908 | _aN | ||
| 909 | _a91113 | ||
| 999 |
_c91113 _d91113 |
||